000 01093nmm a2200313 a 4500
001 ocm0001221661
003 TR-IsHL
005 20201028154701.0
008 131219s2009 tu tur
007 cr cn
020 _a9789754838442
035 _a1221661
_b(N$T)
050 0 4 _aTA592.5
_b 2009
090 0 4 _aTA592.5
_b 2009
100 1 _aPamukoğlu-Daş, Nergis
245 1 0 _aTopographien der moderne: literarische stadtebilder und bilder des selbstverstandnisses Paris-Berlin-Istanbul
_h[electronic resource] /
_cNergis Pamukoğlu-Daş
260 _aİzmir :
_bEge Üniversitesi Yayınları,
_c2009
300 _a135 p.
650 4 _aÇevre Bilimleri
650 4 _aEnvironmental Sciences
650 0 _aTopografi
_x Paris
650 0 _aTopography
_x Paris
650 0 _aTopografi
_x Berlin
650 0 _aTopography
_x Berlin
650 0 _aTopografi
_x İstanbul
650 0 _aTopography
_x Istanbul
650 7 _aSCIENCE / Earth Sciences / Geography
_2bisacsh
856 4 0 _uhttp://search.ebscohost.com/login.aspx?direct=true&scope=site&db=e011xww&AN=1221661
999 _c12702
_d12702